000 01226nam a22003137a 4500
005 20240530110559.0
008 160903s2012 ua g b 000 0dara d
017 _a2011/22192
_bمصر . دار الكتب المصريه
020 _a9789777049108
040 _aEG-CaGPL
082 0 4 _221
_a190.21\
_bل م
100 1 _aلافين ، ت . ز .
245 1 0 _aمن سقراط الى سارتر :
_bالبحث الفلسفى /
_cتأليف ت . ز . لافين ؛ ترجمة اشرف محمد كيلانى ؛ مراجعة و تقديم سعيد توفيق .
250 _aط1.
260 _aالقاهره :
_bالمركز القومى للترجمه ،
_c2012 .
300 _a490 ص ؛
_b24 سم .
490 0 _aالمشروع القومى للترجمة
_v2082
504 _aيشتمل على ارجاعات ببليوجرافية .
600 0 4 _aديكارت
600 0 4 _aهيوم
600 0 4 _aهيجل
600 0 4 _aسارتر
600 0 4 _aماركس
650 0 4 _aالفلسفه الوجوديه
700 0 _aاشرف محمد كيلانى
_eمترجم .
700 0 _aسعيد توفيق
_eمراجع و مقدم .
942 _2ddc
_cBK
999 _c62625
_d62625